000
00219nam a2200097Ia 4500
008
240331s9999 xx 000 0 und d
082
_b
VAN
100
_a
Vanamamalai, N
245
0
_a
Thamilar varalarum panpadum
942
_c
L
999
_c
2051
_d
2051